000 00497nam a2200169Ia 4500
008 240729s9999 xx 000 0 und d
022 _a2468-8835
245 0 _aInternational Journal of Noncommunicable Diseases
260 _aIndia
260 _bWolters Kluwer Medknow Publications
650 _a Internal medicine
650 _a Specialties of internal medicine
650 _aMedicine
856 _uhttps://doaj.org/toc/56fe561700b24036a202220876fd5c70
942 _2ddc
942 _cDOAJEJ
999 _c69733
_d69733
945 _a1
_bMadushi Gamage
_c1
_dMadushi Gamage